Largest Cities in Tuscany - Statistics

General Stats
  • This quiz has been taken 153 times
  • The average score is 10 of 15
Answer Stats
Population City % Correct
349,296 Florence
100%
77,007 Pisa
97%
81,748 Lucca
89%
42,867 Siena
86%
153,773 Livorno
85%
181,820 Prato
85%
76,346 Arezzo
79%
73,832 Pistoia
74%
60,922 Grosseto
73%
64,783 Massa
70%
58,666 Carrara
65%
49,099 Viareggio
64%
44,951 Scandicci
31%
45,656 Sesto Fiorentino
31%
41,116 Capannori
14%
No matching quizzes found
Score Distribution
Percent of People with Each Score
Percentile by Number Answered
Your Score History
You have not taken this quiz